[Event "4th EUR-ch"]
[Site "Istanbul TUR"]
[Date "2003.06.07"]
[Round "8.80"]
[White "Jenni, Florian"]
[Black "Atakisi, Umut"]
[Result "0-1"]
[WhiteElo "2516"]
[BlackElo "2303"]
[EventDate "2003.05.30"]
[PlyCount "68"]

1.e4 c5 2.Nf3 Nc6 3.c3 Nf6 4.e5 Nd5 5.Bc4 Nb6 6.Be2 g6 7.d4 cxd4 8.cxd4 
Bg7 9.Bf4 d6 10.exd6 exd6 11.Nc3 O-O 12.h3 Be6 13.Bg5 Qd7 14.Ne4 Nd5 15.
Qd2 Rae8 16.Ng3 f5 17.Bf4 Nxf4 18.Qxf4 Bc4 19.Kf1 Qe6 20.Re1 Bxe2+ 21.Nxe2
Qxa2 22.Qxd6 Qxb2 23.h4 Qa2 24.h5 Re6 25.Qd7 Re7 26.Qd6 Rfe8 27.hxg6 Rxe2 
28.gxh7+ Kh8 29.Rxe2 Qxe2+ 30.Kg1 Re6 31.Qd7 Bxd4 32.Rh5 Qd1+ 33.Kh2 Be5+ 
34.Nxe5 Qxh5+ 0-1

[Event "4th EUR-ch"]
[Site "Istanbul TUR"]
[Date "2003.06.07"]
[Round "8.81"]
[White "Solak, Dragan"]
[Black "Volkmann, Friedrich"]
[Result "1/2-1/2"]
[WhiteElo "2514"]
[BlackElo "2435"]
[EventDate "2003.05.30"]
[PlyCount "114"]

1.e4 e5 2.Nf3 Nf6 3.Nxe5 Nxe4 4.Qe2 Qe7 5.Qxe4 d6 6.d4 dxe5 7.dxe5 Nc6 8.
Bb5 Bd7 9.Nc3 Qb4 10.Bc4 O-O-O 11.a3 Qa5 12.Bxf7 Nxe5 13.b4 Bxb4 14.Qxb4 
Qxb4 15.axb4 Nxf7 16.Rxa7 Bf5 17.Ra2 Rd4 18.O-O Rhd8 19.Re1 Rxb4 20.Re7 
Kb8 21.h3 Rd7 22.Re8+ Rd8 23.Re7 Rd7 24.Re3 h5 25.f3 b6 26.g4 hxg4 27.hxg4
Bg6 28.Kf2 Kb7 29.Kg3 Nd6 30.Ne2 Nc4 31.Rb3 Rxb3 32.cxb3 Na5 33.b4 Nc4 34.
Nf4 Bb1 35.Re2 Rd1 36.Be3 g5 37.Ng2 Bd3 38.Re1 Rxe1 39.Nxe1 Nxe3 40.Nxd3 
Kc6 41.Ne5+ Kb5 42.Nf7 Kxb4 43.Nxg5 Kc4 44.Kf4 Kd3 45.Ke5 b5 46.Ne6 b4 47.
g5 Kc4 48.g6 b3 49.g7 b2 50.g8=Q b1=Q 51.Nxc7+ Kc3 52.Nd5+ Kd2 53.Nxe3 
Kxe3 54.Qd5 Qb8+ 55.Ke6 Qg8+ 56.Kd6 Qxd5+ 57.Kxd5 Kxf3 1/2-1/2

[Event "4th EUR-ch"]
[Site "Istanbul TUR"]
[Date "2003.06.07"]
[Round "8.82"]
[White "Lahno, Kateryna"]
[Black "Palac, Mladen"]
[Result "1-0"]
[WhiteElo "2417"]
[BlackElo "2587"]
[EventDate "2003.05.30"]
[PlyCount "73"]

1.e4 c5 2.Nf3 d6 3.d4 cxd4 4.Nxd4 Nf6 5.Nc3 a6 6.Be3 e5 7.Nb3 Be6 8.f3 Be7
9.Qd2 O-O 10.O-O-O Nbd7 11.g4 Qc7 12.g5 Nh5 13.Kb1 b5 14.Nd5 Bxd5 15.exd5 
Nb6 16.Na5 Nxd5 17.Qxd5 Qxa5 18.c4 Rab8 19.Rg1 g6 20.Rg4 Ng7 21.cxb5 axb5 
22.Bd2 Qb6 23.Rb4 Ne6 24.Rxb5 Qf2 25.Rxb8 Rxb8 26.Bc4 Bxg5 27.Bc3 Qxh2 28.
Qc6 Qf4 29.Bxe6 fxe6 30.a4 Qf5+ 31.Qe4 Be7 32.a5 Kg7 33.Qxf5 gxf5 34.Kc2 
d5 35.a6 Bc5 36.Ra1 Ba7 37.Bxe5+ 1-0

[Event "4th EUR-ch"]
[Site "Istanbul TUR"]
[Date "2003.06.07"]
[Round "8.83"]
[White "Marin, Mihail"]
[Black "Cherniaev, Alexander"]
[Result "1/2-1/2"]
[WhiteElo "2568"]
[BlackElo "2501"]
[EventDate "2003.05.30"]
[PlyCount "76"]

1.c4 e6 2.Nf3 d5 3.b3 Be7 4.Bb2 Bf6 5.Qc1 Bxb2 6.Qxb2 Nf6 7.g3 b6 8.Bg2 
Bb7 9.cxd5 Bxd5 10.Nc3 Bb7 11.d4 Nbd7 12.O-O c5 13.dxc5 Nxc5 14.b4 Ncd7 
15.Nb5 O-O 16.Rac1 a6 17.Nbd4 Rc8 18.Nh4 Bxg2 19.Nxg2 Qe7 20.Ne3 Ne5 21.a4
h6 22.b5 axb5 23.axb5 Rxc1 24.Rxc1 Ned7 25.Nc6 Qd6 26.Nc4 Qc5 27.N4e5 Qd6 
28.Nc4 Qc5 29.N4e5 Qd6 30.Nxd7 Nxd7 31.Qc2 Qa3 32.Qd2 Ra8 33.Rc3 Qa1+ 34.
Rc1 Qa3 35.Rc3 Qa1+ 36.Kg2 Nf6 37.Ne7+ Kh8 38.Rd3 Qb1 1/2-1/2

[Event "4th EUR-ch"]
[Site "Istanbul TUR"]
[Date "2003.06.07"]
[Round "8.85"]
[White "Wells, Peter"]
[Black "Jaracz, Pawel"]
[Result "0-1"]
[WhiteElo "2487"]
[BlackElo "2549"]
[EventDate "2003.05.30"]
[PlyCount "78"]

1.d4 Nf6 2.c4 e6 3.Nf3 Bb4+ 4.Bd2 Qe7 5.g3 Nc6 6.Nc3 Bxc3 7.Bxc3 Ne4 8.Rc1
d6 9.d5 Nxc3 10.Rxc3 Nb8 11.dxe6 fxe6 12.Bg2 O-O 13.O-O Nd7 14.b4 a5 15.b5
e5 16.Nd2 Rb8 17.Ne4 b6 18.Re3 Kh8 19.Qd2 Bb7 20.Nc3 Bxg2 21.Kxg2 Nf6 22.
Nd5 Qf7 23.Nxf6 Qxf6 24.f3 Rbe8 25.Re4 Qg6 26.c5 bxc5 27.Rd1 Rf4 28.Qd5 
Rxe4 29.fxe4 Qg4 30.Qc4 Rd8 31.Qc2 Qe6 32.Qa4 Ra8 33.Rb1 h6 34.b6 cxb6 35.
Rxb6 Rf8 36.Qxa5 Qc4 37.Qd2 Qxe4+ 38.Kg1 d5 39.a4 c4 0-1

[Event "4th EUR-ch"]
[Site "Istanbul TUR"]
[Date "2003.06.07"]
[Round "8.86"]
[White "Gershon, Alik"]
[Black "Pogorelov, Ruslan"]
[Result "0-1"]
[WhiteElo "2543"]
[BlackElo "2489"]
[EventDate "2003.05.30"]
[PlyCount "125"]

1.e4 c5 2.Nf3 e6 3.d4 cxd4 4.Nxd4 Nc6 5.Nc3 d6 6.g3 Nf6 7.Bg2 Bd7 8.O-O 
Be7 9.Be3 O-O 10.Nxc6 Bxc6 11.a4 a6 12.a5 Rc8 13.Re1 Qc7 14.Bb6 Qd7 15.Qd2
Bd8 16.Bd4 e5 17.Be3 Ng4 18.Bh3 f5 19.Bxg4 fxg4 20.Red1 Bc7 21.Nd5 Qf7 22.
Qe2 h5 23.c4 Bd8 24.b4 Qg6 25.Bb6 Rf7 26.Bxd8 Rxd8 27.b5 Bxd5 28.Rxd5 Rdf8
29.Ra2 Rxf2 30.Qxf2 Rxf2 31.Rxf2 Qxe4 32.bxa6 bxa6 33.Rxd6 Qxc4 34.Rd8+ 
Kh7 35.Rd1 Qc5 36.Re1 g5 37.Kg2 Kg6 38.Ref1 Qc6+ 39.Kg1 h4 40.gxh4 gxh4 
41.Rf8 Qc5+ 42.R1f2 Qd5 43.R8f6+ Kg7 44.R6f5 Qe4 45.Rf7+ Kg6 46.Rf8 Qe1+ 
47.Kg2 Qe4+ 48.Kg1 h3 49.Rg8+ Kh7 50.Rgf8 Qe1+ 51.Rf1 Qe3+ 52.R1f2 Kg7 53.
Rf7+ Kg6 54.Rf8 Qc1+ 55.Rf1 Qc5+ 56.R1f2 e4 57.Kf1 e3 58.R2f6+ Kg5 59.Ke2 
Qxa5 60.Rd6 Qa2+ 61.Ke1 Qb1+ 62.Ke2 Qb2+ 63.Kf1 0-1

[Event "4th EUR-ch"]
[Site "Istanbul TUR"]
[Date "2003.06.07"]
[Round "8.88"]
[White "Nyysti, Sampsa"]
[Black "Georgiev, Krum"]
[Result "0-1"]
[WhiteElo "2429"]
[BlackElo "2516"]
[EventDate "2003.05.30"]
[PlyCount "94"]

1.e4 c5 2.Nf3 d6 3.d4 cxd4 4.Nxd4 Nf6 5.Nc3 a6 6.Be3 e6 7.f3 Be7 8.Qd2 b5 
9.g4 Bb7 10.O-O-O Nc6 11.g5 Nd7 12.h4 Rc8 13.Nxc6 Rxc6 14.Ne2 Qa8 15.Nd4 
Rc8 16.Bh3 Ne5 17.Rhg1 d5 18.Bf4 Nc4 19.Qh2 dxe4 20.b3 O-O 21.bxc4 exf3 
22.Bd6 Bxd6 23.Qxd6 Rxc4 24.g6 hxg6 25.h5 Qd8 26.Qxd8 Rxd8 27.Nxe6 Rxd1+ 
28.Rxd1 gxh5 29.Rd8+ Kh7 30.Bf5+ g6 31.Bd3 fxe6 32.Rd7+ Kg8 33.Rxb7 f2 34.
Kd2 Rf4 35.Bf1 Re4 36.Be2 h4 37.Rb8+ Kg7 38.Rb7+ Kh6 39.Rb8 g5 40.Rf8 Rf4 
41.Rxf4 gxf4 42.Bf1 e5 43.Ke2 e4 44.Kxf2 Kg5 45.Bh3 b4 46.Bc8 a5 47.Kg2 
f3+ 0-1

[Event "4th EUR-ch"]
[Site "Istanbul TUR"]
[Date "2003.06.07"]
[Round "8.89"]
[White "Arizmendi Martinez, Julen Luis"]
[Black "Yagupov, Igor"]
[Result "1-0"]
[WhiteElo "2516"]
[BlackElo "2454"]
[EventDate "2003.05.30"]
[PlyCount "31"]

1.e4 c5 2.Nf3 d6 3.d4 Nf6 4.Nc3 cxd4 5.Nxd4 a6 6.Bc4 e6 7.Bb3 b5 8.Bg5 Be7
9.Qf3 Qc7 10.O-O-O O-O 11.e5 Bb7 12.exf6 Bxf3 13.fxe7 Bxd1 14.Nxe6 Qxe7 
15.Bxe7 Re8 16.Nc7 1-0

[Event "4th EUR-ch"]
[Site "Istanbul TUR"]
[Date "2003.06.07"]
[Round "8.90"]
[White "San Segundo Carrillo, Pablo"]
[Black "Tzermiadianos, Andreas"]
[Result "1/2-1/2"]
[WhiteElo "2515"]
[BlackElo "2428"]
[EventDate "2003.05.30"]
[PlyCount "80"]

1.d4 Nf6 2.c4 g6 3.Nc3 Bg7 4.e4 d6 5.Nf3 O-O 6.Be2 e5 7.O-O Nbd7 8.Be3 Ng4
9.Bg5 f6 10.Bh4 Nh6 11.Qd2 Nf7 12.h3 c6 13.Rad1 Re8 14.Qc2 Qe7 15.c5 dxc5 
16.dxe5 Ndxe5 17.Nxe5 Nxe5 18.f4 g5 19.Bg3 gxf4 20.Bxf4 b6 21.Rd2 Kh8 22.
Nd1 Be6 23.Ne3 Rad8 24.Rxd8 Rxd8 25.Bxe5 fxe5 26.Bc4 Bh6 27.Nf5 Bxf5 28.
exf5 Bf4 29.Rd1 Rd4 30.Rxd4 exd4 31.Qe2 Be3+ 32.Kf1 b5 33.Be6 Qh4 34.Qf3 
Kg7 35.Ke2 Qh5 36.g3 Qh6 37.Qxc6 Qf6 38.Qxc5 d3+ 39.Kxd3 Qxb2 40.Qd4+ 
Qxd4+ 1/2-1/2

[Event "4th EUR-ch"]
[Site "Istanbul TUR"]
[Date "2003.06.07"]
[Round "8.91"]
[White "De Vreugt, Dennis"]
[Black "Mamedov, Rauf"]
[Result "1-0"]
[WhiteElo "2503"]
[BlackElo "2330"]
[EventDate "2003.05.30"]
[PlyCount "74"]

1.e4 c5 2.Nf3 d6 3.d4 Nf6 4.Nc3 cxd4 5.Nxd4 g6 6.Be3 Bg7 7.f3 O-O 8.Qd2 
Nc6 9.Bc4 Bd7 10.O-O-O Rc8 11.Bb3 Nxd4 12.Bxd4 b5 13.Nd5 Nxd5 14.Bxg7 Kxg7
15.exd5 a5 16.a3 b4 17.axb4 axb4 18.Qxb4 Kg8 19.Rhe1 Re8 20.Rd3 Rb8 21.Qd2
Qb6 22.Kd1 Bb5 23.c4 Bd7 24.Ree3 Qc5 25.Ke1 e5 26.dxe6 Bxe6 27.Ba4 Red8 
28.b3 Ra8 29.Rd4 h5 30.Kf1 Kh7 31.h3 Rab8 32.Re1 Rb4 33.Qf4 Kg7 34.Red1 
Ra8 35.Qg5 Qe5 36.Qd2 Rab8 37.f4 Qc5 1-0

[Event "4th EUR-ch"]
[Site "Istanbul TUR"]
[Date "2003.06.07"]
[Round "8.93"]
[White "Inarkiev, Ernesto"]
[Black "Yeke, Serkan"]
[Result "1-0"]
[WhiteElo "2568"]
[BlackElo "2287"]
[EventDate "2003.05.30"]
[PlyCount "63"]

1.e4 e5 2.Nf3 Nf6 3.Bb5 Nc6 4.Qe2 d6 5.c3 Be7 6.d3 a6 7.Ba4 Nd7 8.Be3 Bf6 
9.Nbd2 Nc5 10.Bc2 Ne6 11.g3 Ng5 12.Ng1 Nh3 13.O-O-O Nxg1 14.Rhxg1 b5 15.f4
O-O 16.Nf3 Re8 17.f5 d5 18.g4 d4 19.g5 Be7 20.cxd4 exd4 21.Bd2 g6 22.Bb3 
Bf8 23.Qf2 Qd7 24.Rg3 Ne5 25.Nxe5 Rxe5 26.Bf4 Rc5+ 27.Kb1 a5 28.a3 a4 29.
Ba2 Rb8 30.Bd2 Re5 31.fxg6 hxg6 32.Rf3 1-0

[Event "4th EUR-ch"]
[Site "Istanbul TUR"]
[Date "2003.06.07"]
[Round "8.94"]
[White "Dzhakaev, Dzhakay"]
[Black "Ipek, Ali"]
[Result "1-0"]
[WhiteElo "2465"]
[BlackElo "2254"]
[EventDate "2003.05.30"]
[PlyCount "80"]

1.c4 c5 2.Nf3 Nc6 3.d4 cxd4 4.Nxd4 e6 5.g3 d6 6.Bg2 Bd7 7.O-O Nf6 8.Nc3 
Be7 9.b3 a6 10.Bb2 O-O 11.Qd2 Rc8 12.Rad1 Qc7 13.e4 Rfd8 14.Qe2 Qb8 15.
Nxc6 Bxc6 16.a4 b6 17.f4 Qc7 18.Kh1 Bb7 19.f5 e5 20.Bc1 Nd7 21.Be3 Nc5 22.
Rb1 Bc6 23.Rfd1 Qb7 24.Bf2 Rb8 25.Kg1 b5 26.axb5 axb5 27.b4 Nd7 28.g4 h6 
29.h4 Nf8 30.Ra1 Ra8 31.cxb5 Be8 32.b6 Rxa1 33.Rxa1 Ra8 34.Ra7 Rxa7 35.
bxa7 Bd8 36.Qa2 Qa8 37.b5 Nd7 38.Nd5 Nc5 39.Bxc5 dxc5 40.Bf1 Bd7 1-0

[Event "4th EUR-ch"]
[Site "Istanbul TUR"]
[Date "2003.06.07"]
[Round "8.96"]
[White "Oney, Feridun"]
[Black "Arduman, Can"]
[Result "0-1"]
[WhiteElo "2251"]
[BlackElo "2361"]
[EventDate "2003.05.30"]
[PlyCount "66"]

1.c4 g6 2.g3 Bg7 3.Bg2 c5 4.Nc3 Nc6 5.Nf3 e6 6.O-O Nge7 7.d3 O-O 8.Bg5 h6 
9.Bd2 d5 10.Rc1 b6 11.a3 Bb7 12.cxd5 exd5 13.Na4 d4 14.b4 cxb4 15.axb4 Nd5
16.b5 Nce7 17.Qb3 Qd7 18.Rb1 Rfe8 19.Rfe1 Rac8 20.Rec1 Rxc1+ 21.Rxc1 Nf5 
22.Bf1 Nd6 23.Rb1 Nc7 24.Bf4 Ncxb5 25.Qb4 Bc6 26.Rc1 Nf5 27.Bg2 Nc3 28.
Nxc3 dxc3 29.Qc4 Bxf3 30.Bxf3 Nd4 31.Be3 Nxf3+ 32.exf3 b5 33.Qb4 Qxd3 0-1

[Event "4th EUR-ch"]
[Site "Istanbul TUR"]
[Date "2003.06.07"]
[Round "8.97"]
[White "Olcayoz, Alper"]
[Black "Erdogan, Hakan"]
[Result "1-0"]
[WhiteElo "2310"]
[BlackElo "2239"]
[EventDate "2003.05.30"]
[PlyCount "79"]

1.e4 c5 2.Nf3 d5 3.Bb5+ Bd7 4.Bxd7+ Qxd7 5.O-O Nc6 6.c3 Nf6 7.Qe2 g6 8.Na3
Bg7 9.Nc2 O-O 10.d4 cxd4 11.Ncxd4 e5 12.Nb5 a6 13.Na3 b5 14.Nc2 Qb7 15.Bg5
a5 16.Bxf6 Bxf6 17.Rfd1 Rfd8 18.Ne3 b4 19.Nxd5 Bg7 20.Nd2 Kh8 21.Nc4 f5 
22.exf5 gxf5 23.Nde3 Qb5 24.Nxf5 Bf8 25.Re1 e4 26.Qxe4 Ra7 27.Nd4 Nxd4 28.
Qxd4+ Rg7 29.Ne3 bxc3 30.bxc3 Qg5 31.g3 Be7 32.Nd5 Bf8 33.Re4 Rd7 34.Rae1 
Rf7 35.Rf4 Kg8 36.Re8 Rg6 37.h4 Rxf4 38.Nxf4 Qb5 39.Nxg6 Qxe8 40.Qh8+ 1-0

[Event "4th EUR-ch"]
[Site "Istanbul TUR"]
[Date "2003.06.07"]
[Round "8.98"]
[White "Duman, Aydin"]
[Black "Karadeniz, Emre"]
[Result "0-1"]
[WhiteElo "2185"]
[BlackElo "2308"]
[EventDate "2003.05.30"]
[PlyCount "80"]

1.e4 d5 2.exd5 Qxd5 3.Nc3 Qa5 4.d4 c6 5.Bc4 Bf5 6.Nf3 Nf6 7.Bd2 e6 8.Qe2 
Bb4 9.O-O-O Nbd7 10.Nh4 Bg4 11.f3 Bxc3 12.bxc3 Qa3+ 13.Kb1 Bh5 14.g4 Bg6 
15.Nxg6 hxg6 16.Bb3 a5 17.Bc1 Qd6 18.a4 Nd5 19.Bb2 b5 20.axb5 cxb5 21.Qxb5
O-O 22.c4 Rfb8 23.c5 Qc7 24.Qa4 Rb4 25.Qa3 Rab8 26.Kc1 a4 27.Bxd5 exd5 28.
Rd3 Rxb2 29.Qxb2 Rxb2 30.Kxb2 Qb7+ 31.Ka3 Nb8 32.Re1 f6 33.Rdd1 Nc6 34.Rb1
Qa6 35.Re6 Qc8 36.Rbe1 Kf7 37.c3 Qa6 38.Kb2 a3+ 39.Ka2 Qc4+ 40.Kb1 Qb3+ 
0-1

[Event "4th EUR-ch"]
[Site "Istanbul TUR"]
[Date "2003.06.07"]
[Round "8.99"]
[White "Bayram, Yakup"]
[Black "Akcan, Umit"]
[Result "0-1"]
[WhiteElo "2296"]
[BlackElo "2167"]
[EventDate "2003.05.30"]
[PlyCount "70"]

1.c4 Nf6 2.Nc3 e6 3.d4 d5 4.cxd5 exd5 5.Bg5 Be7 6.e3 O-O 7.Bd3 c6 8.Qc2 
Nbd7 9.Nf3 Re8 10.O-O-O Nf8 11.h3 Ne4 12.Bxe7 Qxe7 13.Kb1 Bf5 14.Rc1 Nxc3+
15.Qxc3 Bxd3+ 16.Qxd3 a5 17.Rhd1 Qf6 18.Qf1 Qd6 19.Ne1 Nd7 20.Nd3 Nb6 21.
Nc5 Re7 22.Ka1 Nc4 23.e4 a4 24.e5 Qc7 25.Rxc4 dxc4 26.Qxc4 b6 27.Ne4 c5 
28.f4 cxd4 29.Qxd4 a3 30.bxa3 h6 31.Nd6 Qc2 32.Nb5 Ra4 33.Qd8+ Kh7 34.Rb1 
Rxf4 35.Qd5 Rf2 0-1

[Event "4th EUR-ch"]
[Site "Istanbul TUR"]
[Date "2003.06.07"]
[Round "8.100"]
[White "Reyhan, Dogan"]
[Black "Demir, Gokhan"]
[Result "1-0"]
[WhiteElo "2161"]
[BlackElo "2245"]
[EventDate "2003.05.30"]
[PlyCount "99"]

1.e4 c5 2.Nf3 d6 3.d4 cxd4 4.Nxd4 Nf6 5.Nc3 Nc6 6.f3 e5 7.Nb3 Be7 8.Be3 
O-O 9.Qd2 a5 10.Bb5 Be6 11.Nd5 Bxd5 12.exd5 Nb4 13.c4 b6 14.O-O Na6 15.Bc6
Rb8 16.Nc1 Nd7 17.a3 f5 18.b4 f4 19.Bf2 e4 20.fxe4 Ne5 21.Bb5 Nc7 22.Nd3 
Nxb5 23.Nxe5 dxe5 24.cxb5 axb4 25.axb4 Qd7 26.Qc3 Rbc8 27.Qxe5 Bf6 28.Qe6+
Qxe6 29.dxe6 Bxa1 30.Rxa1 Rfe8 31.Bxb6 Rb8 32.Bc5 Rxb5 33.e7 Kf7 34.Rf1 
Rxc5 35.Rxf4+ Kxe7 36.bxc5 Ra8 37.Kf2 Ra2+ 38.Kg3 Rc2 39.Rf5 g6 40.Rd5 Ke6
41.h3 Ke7 42.h4 Ke6 43.Kf3 h5 44.g3 Kf6 45.Rd6+ Ke5 46.Rd5+ Kf6 47.Ke3 Rg2
48.Rd6+ Kf7 49.Kf4 Re2 50.c6 1-0

[Event "4th EUR-ch"]
[Site "Istanbul TUR"]
[Date "2003.06.07"]
[Round "8.101"]
[White "Asmundsson, Ingvar"]
[Black "Can, Emre"]
[Result "1-0"]
[WhiteElo "2327"]
[BlackElo "2200"]
[EventDate "2003.05.30"]
[PlyCount "80"]

1.e4 c5 2.Nf3 d6 3.Nc3 Nf6 4.Bb5+ Bd7 5.a4 g6 6.O-O Bg7 7.e5 dxe5 8.Nxe5 
Bxb5 9.axb5 O-O 10.Qf3 Nbd7 11.Nc4 Qc7 12.d3 b6 13.Re1 Rae8 14.Bg5 e5 15.
Qc6 Qb8 16.Bxf6 Nxf6 17.Qd6 Qxd6 18.Nxd6 Re7 19.Nc4 Rfe8 20.f3 Nh5 21.g3 
f5 22.Ra4 Rd7 23.Raa1 Rde7 24.Re2 h6 25.Nd5 Rd7 26.g4 fxg4 27.fxg4 Rxd5 
28.gxh5 e4 29.Rxe4 Rxe4 30.dxe4 Rd4 31.Ra4 gxh5 32.c3 Rd7 33.Kf2 Kf7 34.
Ra1 h4 35.Ke2 Ke6 36.Rg1 Re7 37.h3 Bf6 38.Rg6 Kf7 39.Rg4 Bg5 40.Nd6+ Ke6 
1-0

[Event "4th EUR-ch"]
[Site "Istanbul TUR"]
[Date "2003.06.07"]
[Round "8.103"]
[White "Azimi, Reza"]
[Black "Kayar, Erdem"]
[Result "1-0"]
[WhiteElo "2046"]
[BlackElo "2077"]
[EventDate "2003.05.30"]
[PlyCount "105"]

1.d4 Nf6 2.c4 c5 3.d5 e6 4.Nc3 exd5 5.cxd5 d6 6.e4 g6 7.f4 Bg7 8.Bb5+ Nfd7
9.a4 O-O 10.Nf3 Na6 11.O-O Nb4 12.Re1 a6 13.Bf1 Re8 14.h3 b6 15.Be3 Bb7 
16.Qd2 Qc7 17.Bc4 Rad8 18.Bf2 Bd4 19.Re2 Bg7 20.Rae1 Qb8 21.Bh4 Rc8 22.Bg3
Qa8 23.e5 b5 24.axb5 Nb6 25.b3 dxe5 26.fxe5 Bxd5 27.Nxd5 N6xd5 28.bxa6 
Rcd8 29.Bh4 Rc8 30.Kh1 Nb6 31.Bb5 Re6 32.Ng5 Bh6 33.Qf4 Re7 34.Qf2 N4d5 
35.Ne4 Ra7 36.Nf6+ Kh8 37.Ng4 Bg7 38.Bf6 Nc3 39.Bxg7+ Kxg7 40.Qf6+ Kf8 41.
Qxb6 Nxe2 42.Qd6+ Kg8 43.Rxe2 Rd8 44.Qf6 Rd1+ 45.Kh2 Qf8 46.Bc4 h5 47.
Qxg6+ Qg7 48.Qxh5 Re7 49.e6 f6 50.Qxc5 Rf1 51.a7 Re8 52.e7+ Kh8 53.Qh5+ 
1-0

[Event "4th EUR-ch"]
[Site "Istanbul TUR"]
[Date "2003.06.08"]
[Round "9.5"]
[White "Nisipeanu, Liviu-Dieter"]
[Black "Van Wely, Loek"]
[Result "1/2-1/2"]
[WhiteElo "2606"]
[BlackElo "2675"]
[EventDate "2003.05.30"]
[PlyCount "35"]

1.e4 c5 2.Nf3 Nc6 3.Nc3 e5 4.Bc4 d6 5.d3 Be7 6.O-O Nf6 7.Ng5 O-O 8.f4 Bg4 
9.Qe1 exf4 10.Bxf4 Nd4 11.Qd2 Qd7 12.Be3 a6 13.Bxd4 cxd4 14.Ne2 h6 15.Nf3 
d5 16.exd5 Bxf3 17.Rxf3 Nxd5 18.Nxd4 1/2-1/2

[Event "4th EUR-ch"]
[Site "Istanbul TUR"]
[Date "2003.06.08"]
[Round "9.10"]
[White "Goloshchapov, Alexander"]
[Black "Dautov, Rustem"]
[Result "1/2-1/2"]
[WhiteElo "2558"]
[BlackElo "2611"]
[EventDate "2003.05.30"]
[PlyCount "30"]

1.e4 c6 2.d4 d5 3.Nc3 dxe4 4.Nxe4 Bf5 5.Ng3 Bg6 6.h4 h6 7.Nf3 Nd7 8.h5 Bh7
9.Bd3 Bxd3 10.Qxd3 Ngf6 11.Bf4 Qa5+ 12.Bd2 Qc7 13.O-O-O e6 14.Ne4 O-O-O 
15.g3 Nxe4 1/2-1/2

[Event "4th EUR-ch"]
[Site "Istanbul TUR"]
[Date "2003.06.08"]
[Round "9.11"]
[White "Iordachescu, Viorel"]
[Black "Aronian, Levon"]
[Result "1/2-1/2"]
[WhiteElo "2550"]
[BlackElo "2606"]
[EventDate "2003.05.30"]
[PlyCount "72"]

1.e4 e5 2.Nf3 Nc6 3.Bb5 a6 4.Ba4 Nf6 5.O-O Be7 6.Re1 b5 7.Bb3 O-O 8.h3 Bb7
9.d3 d6 10.a3 Na5 11.Ba2 c5 12.Nc3 Nc6 13.Nd5 Nxd5 14.Bxd5 Qc7 15.c3 Nb8 
16.Bxb7 Qxb7 17.d4 Nc6 18.Be3 Rfd8 19.Qe2 Na5 20.Nd2 cxd4 21.cxd4 Rac8 22.
Rac1 Rxc1 23.Rxc1 Rc8 24.Qd1 Nc4 25.Nxc4 Rxc4 26.Rxc4 bxc4 27.Qc2 exd4 28.
Bxd4 d5 29.Qa4 Kf8 30.exd5 Qxd5 31.Bc3 Qe6 32.Qd1 Bf6 33.Bxf6 Qxf6 34.Qd5 
g6 35.Qxc4 Qxb2 36.Qxa6 Qc1+ 1/2-1/2

[Event "4th EUR-ch"]
[Site "Istanbul TUR"]
[Date "2003.06.08"]
[Round "9.19"]
[White "Smirnov, Pavel"]
[Black "Gashimov, Vugar"]
[Result "1/2-1/2"]
[WhiteElo "2615"]
[BlackElo "2579"]
[EventDate "2003.05.30"]
[PlyCount "70"]

1.e4 c5 2.Nf3 d6 3.d4 cxd4 4.Nxd4 Nf6 5.Nc3 g6 6.Be3 Bg7 7.f3 O-O 8.Qd2 
Nc6 9.Bc4 Bd7 10.O-O-O Rc8 11.Bb3 Nxd4 12.Bxd4 b5 13.Nd5 Nxd5 14.Bxg7 Kxg7
15.exd5 a5 16.a3 b4 17.axb4 axb4 18.Qxb4 Kg8 19.Rhe1 Re8 20.Rd3 Rb8 21.Qc3
Qb6 22.Kd1 Bb5 23.Rd4 Rec8 24.Qe3 Qa5 25.Re4 Rc7 26.Qd4 Rbb7 27.R4e3 Ba6 
28.Rc3 Rb4 29.Qxb4 Qxb4 30.Rxc7 Qd4+ 31.Kc1 Qf2 32.Rexe7 Qg1+ 33.Kd2 Qd4+ 
34.Kc1 Qg1+ 35.Kd2 Qd4+ 1/2-1/2

[Event "4th EUR-ch"]
[Site "Istanbul TUR"]
[Date "2003.06.08"]
[Round "9.20"]
[White "Gagunashvili, Merab"]
[Black "Ftacnik, Lubomir"]
[Result "1/2-1/2"]
[WhiteElo "2580"]
[BlackElo "2611"]
[EventDate "2003.05.30"]
[PlyCount "68"]

1.d4 Nf6 2.c4 g6 3.Nc3 d5 4.Nf3 Bg7 5.Qb3 dxc4 6.Qxc4 O-O 7.e4 Na6 8.Qb3 
c5 9.d5 Qb6 10.Bxa6 Qxa6 11.e5 Ng4 12.Bf4 Qd3 13.Bg3 Qf5 14.O-O Nxe5 15.
Bxe5 Bxe5 16.Nxe5 Qxe5 17.Rfe1 Qc7 18.Rad1 Rd8 19.d6 Rxd6 20.Nd5 Qd8 21.
Nxe7+ Kg7 22.Nd5 Be6 23.Qc3+ f6 24.Nf4 Bxa2 25.b3 Rxd1 26.Ne6+ Kf7 27.
Nxd8+ Raxd8 28.Kf1 Bb1 29.Rxd1 Rxd1+ 30.Ke2 Rd5 31.Qa5 Re5+ 32.Kd2 a6 33.
Qc7+ Re7 34.Qxc5 Be4 1/2-1/2

[Event "4th EUR-ch"]
[Site "Istanbul TUR"]
[Date "2003.06.08"]
[Round "9.21"]
[White "Korobov, Anton"]
[Black "Alekseev, Evgeny"]
[Result "1/2-1/2"]
[WhiteElo "2513"]
[BlackElo "2607"]
[EventDate "2003.05.30"]
[PlyCount "99"]

1.d4 Nf6 2.c4 e6 3.Nf3 b6 4.Nc3 Bb4 5.Bg5 Bb7 6.Qb3 c5 7.e3 O-O 8.Be2 cxd4
9.exd4 Nc6 10.O-O Bxc3 11.bxc3 Rc8 12.Nd2 Na5 13.Qa3 d5 14.Rae1 dxc4 15.f3
Qc7 16.Bxf6 gxf6 17.Ne4 Kg7 18.Nd6 Rcd8 19.Nxb7 Nxb7 20.f4 Nd6 21.Bf3 Rg8 
22.Qb2 Nf5 23.g3 Kh8 24.Kh1 Ne7 25.a4 a6 26.Be4 f5 27.Bf3 Rb8 28.Qb4 Rgd8 
29.Re5 Ng6 30.Re2 Kg7 31.Rfe1 Rd6 32.Kg2 b5 33.axb5 Rxb5 34.Qa3 Rdb6 35.h4
Ne7 36.Re5 Rb2+ 37.R1e2 Rxe2+ 38.Rxe2 Rb3 39.Qxa6 Rxc3 40.Qa1 Rd3 41.d5+ 
c3 42.dxe6 fxe6 43.Rxe6 Kf7 44.Re2 Qd7 45.Qa2+ Kg7 46.Qc4 Kf8 47.h5 Qd4 
48.Qe6 Qd6 49.Qc4 Qd4 50.Qe6 1/2-1/2

[Event "4th EUR-ch"]
[Site "Istanbul TUR"]
[Date "2003.06.08"]
[Round "9.22"]
[White "Dolmatov, Sergei"]
[Black "Romanyshyn, Oleh"]
[Result "1/2-1/2"]
[WhiteElo "2606"]
[BlackElo "2558"]
[EventDate "2003.05.30"]
[PlyCount "47"]

1.e4 e5 2.Nf3 Nc6 3.Bb5 a6 4.Ba4 Nf6 5.O-O Be7 6.Re1 d6 7.c3 Bg4 8.d3 Nd7 
9.Be3 Nf8 10.Nbd2 Ng6 11.h3 Bd7 12.d4 O-O 13.Nf1 Nh4 14.N1h2 Nxf3+ 15.Nxf3
Bf6 16.Bc2 Ne7 17.Qd2 Ng6 18.Rad1 Be6 19.b3 Qc8 20.Bd3 Qd8 21.d5 Bd7 22.c4
Be7 23.Qb4 Re8 24.c5 1/2-1/2

[Event "4th EUR-ch"]
[Site "Istanbul TUR"]
[Date "2003.06.08"]
[Round "9.23"]
[White "Mchedlishvili, Mikheil"]
[Black "Naer, Evgeny"]
[Result "1/2-1/2"]
[WhiteElo "2560"]
[BlackElo "2606"]
[EventDate "2003.05.30"]
[PlyCount "41"]

1.d4 Nf6 2.Nf3 g6 3.c4 Bg7 4.g3 d5 5.cxd5 Nxd5 6.Bg2 Nb6 7.O-O Nc6 8.Nc3 
O-O 9.d5 Na5 10.Qc2 c6 11.dxc6 Nxc6 12.Rd1 Bf5 13.e4 Bd7 14.Be3 Qc8 15.
Rac1 Nc4 16.Bf4 e5 17.Bg5 h6 18.Bd2 Nxd2 19.Qxd2 Bg4 20.Nd5 Qd8 21.h3 
1/2-1/2

[Event "4th EUR-ch"]
[Site "Istanbul TUR"]
[Date "2003.06.08"]
[Round "9.33"]
[White "Macieja, Bartlomiej"]
[Black "Vaisser, Anatoli"]
[Result "1-0"]
[WhiteElo "2634"]
[BlackElo "2563"]
[EventDate "2003.05.30"]
[PlyCount "65"]

1.e4 e6 2.d4 d5 3.Nc3 Bb4 4.e5 Ne7 5.a3 Bxc3+ 6.bxc3 c5 7.Qg4 O-O 8.Bd3 
Nbc6 9.Qh5 Ng6 10.Nf3 Qc7 11.Be3 c4 12.Bxg6 fxg6 13.Qg4 Qf7 14.Ng5 Qe8 15.
h4 h6 16.Nh3 a5 17.h5 gxh5 18.Qe2 b5 19.Nf4 g6 20.Nxh5 gxh5 21.Rxh5 Ra7 
22.Bxh6 Rff7 23.Qg4+ Rg7 24.Bxg7 Rxg7 25.Qh4 Qxh5 26.Qxh5 Bd7 27.Kd2 Rh7 
28.Qg4+ Rg7 29.Qf3 Rf7 30.Qe3 Rh7 31.g4 Be8 32.Qg5+ Rg7 33.Qf6 1-0

[Event "4th EUR-ch"]
[Site "Istanbul TUR"]
[Date "2003.06.08"]
[Round "9.36"]
[White "Savchenko, Stanislav"]
[Black "Tregubov, Pavel"]
[Result "0-1"]
[WhiteElo "2559"]
[BlackElo "2632"]
[EventDate "2003.05.30"]
[PlyCount "76"]

1.d4 d5 2.c4 e6 3.Nf3 Nf6 4.Nc3 Be7 5.Bg5 O-O 6.e3 Nbd7 7.Rc1 dxc4 8.Bxc4 
a6 9.a4 c5 10.O-O cxd4 11.exd4 Nb6 12.Bb3 Bd7 13.Ne5 Bc6 14.Re1 Nbd5 15.
Qd3 Nb4 16.Qh3 Nfd5 17.Bd2 Bg5 18.Bxg5 Qxg5 19.Ne4 Qe7 20.Qg3 Rfc8 21.f4 
Be8 22.Rcd1 Qc7 23.Qf3 Kh8 24.f5 exf5 25.Ng5 h6 26.Bxd5 Nxd5 27.Qxd5 hxg5 
28.Nf3 Qf4 29.Ne5 Rc2 30.Nd3 Qg4 31.Ne5 Qh4 32.Qf3 Rd2 33.Qe3 Rxd1 34.Rxd1
f6 35.Nc4 Bxa4 36.b3 Re8 37.Ne5 Qh5 38.Rf1 Bb5 0-1

[Event "4th EUR-ch"]
[Site "Istanbul TUR"]
[Date "2003.06.08"]
[Round "9.37"]
[White "Glek, Igor"]
[Black "Moiseenko, Olexandr"]
[Result "0-1"]
[WhiteElo "2551"]
[BlackElo "2627"]
[EventDate "2003.05.30"]
[PlyCount "94"]

1.e4 c5 2.Nf3 Nc6 3.Bb5 e6 4.Bxc6 bxc6 5.d3 Qc7 6.O-O d6 7.Re1 e5 8.c3 Bg4
9.d4 cxd4 10.cxd4 exd4 11.Qxd4 Bxf3 12.gxf3 Nf6 13.Nd2 Be7 14.Nc4 O-O 15.
Bf4 Rfd8 16.Red1 Ne8 17.Rac1 Rac8 18.Qd3 Qd7 19.Na5 c5 20.Nc4 Qh3 21.Bg3 
h5 22.Qf1 Qe6 23.h4 Bf6 24.Rd5 g6 25.Rcd1 Bd4 26.Kg2 Rd7 27.Qd3 Rcd8 28.
Na5 Bxb2 29.Qc2 Bg7 30.Nc6 Rc8 31.Qa4 Rdc7 32.Na5 c4 33.Bxd6 Nxd6 34.Rxd6 
Qe7 35.Nc6 Qxh4 36.Qxc4 Qg5+ 37.Kf1 Kh7 38.Qd5 Qf4 39.Ke2 Rb7 40.Rd2 Rb1 
41.Rd7 Rc7 42.Rxc7 Qxc7 43.e5 Rc1 44.Nd8 Rc5 45.Qd6 Rxe5+ 46.Kf1 Qc4+ 47.
Qd3 Qh4 0-1